Zákon o účtovníctve účinnosť od 1. januára 2000 - (úplné znenie)

Bibliographic Details
Corporate Author: Slovensko (Author)
Format: Book
Language:Slovak
PhysicalDescription:27 s. 21 cm
Published: Bratislava Elita 2000
ISBN:8080440662
Subjects:

MARC

LEADER 00000nam a2200000 a 4500
001 vtls001387143
003 SK-MaSNL
005 20260302034531.0
008 240226s2000 xo r slo
015 |a SNBI2000/03-00864 
020 |a 8080440662 
035 |a SNK000341328 
035 |a urn:nbn:sk:snk-amkkzb 
035 |a urn:nbn:sk:snk-am003d2h 
035 |a 628455FB-AD0F-4C63-B110-64D31E90937B 
040 |a SNK  |b slo  |c SNK  |e AACR2 
041 0 |a slo 
044 |a xo  |c SK 
080 |a 657:340.133(094.5)  |2 1981 
110 1 |a Slovensko  |4 aut  |9 266955 
240 1 0 |a Zákon o účtovníctve  |s 2000 
245 1 0 |a Zákon o účtovníctve  |b účinnosť od 1. januára 2000 - (úplné znenie) 
260 |a Bratislava  |b Elita  |c 2000 
300 |a 27 s.  |c 21 cm 
500 |a Obálku navrhol Rastislav Gažo 
650 0 7 |a účtovníctvo  |x zákony  |y 2000  |x príručky  |2 SNK  |9 686243 
655 7 |a zákony  |2 SNK  |9 70186 
700 1 |a Gažo, Rastislav  |4 oth  |9 43868 
919 |a 80-8044-066-2 
958 |a TL 
999 |c 1066713  |d 1068643 
952 |t P60, <03>, [BOOK], {603}  |a SNK  |b SNK  |y PREZ  |7 0  |p 17A0236191  |o snkSC 101392  |i snkKSP 3984/2000  |0 0  |1 0  |4 0  |d 2000-04-18  |f 1  |l 0  |r 2025-09-23 00:00:00  |w 2026-02-24 
952 |t P60, <04>, [BOOK], {604}  |a SNK  |b SNK  |y VYP  |7 0  |p 17A0236192  |o snkSC 101392 D1  |i snkKSP 3985/2000  |0 0  |1 0  |4 0  |d 2000-04-18  |l 0  |r 2005-01-02 00:00:00  |w 2026-02-24